000 00450nam a2200181Ia 4500
001 5094
005 20260306145843.0
008 260306t2004||||xx |||||||||||||| ||spa||
041 _aESP
082 _a332.7
_bT81
100 _aConsorcio de Investigación Económica y Social
_eAUT
245 0 _aMercado y gestión del microcrédito en el Perú
260 _c2004
300 _a
_c
650 _aGEN
654 _aCAN
942 _cLIB
_dJUS
_fJUS
_2ddc
_n
999 _c5094
_d5094